• 首页
  • 本馆介绍
  • 公告通知
  • 最新文献
  • 馆藏检索
  • 电子资源
  • 读者导购
  • 参考咨询
  • 我的图书馆
  • 登录
  • 详细信息显示
  • 放入我的书架
  • 预约/预借图书
  • 作者相关作品
  • 分类相关作品
  • 丛书相关作品
  • 出版社相关作品

书目信息

  • 表格格式
  • 工作单格式
  • 卡片格式
题名:
光波导理论基础教程
    
 
作者: 李淑凤 , 李成仁 , 宋昌烈 编著
分册:  
出版信息: 北京   电子工业出版社  2013.4
页数: 180页
开本: 26cm
丛书名:
单 册:
中图分类: TN252
科图分类:
主题词: 光波导--高等学校--教材
电子资源:
ISBN: 978-7-121-19714-7
000 01074nam0 2200277 450
001 0400002988
005 20171021170256.0
010    @a978-7-121-19714-7@dCNY39.90
100    @a20130425d2013 em y0chiy50 ea
101 0  @achi
102    @aCN@b110000
105    @aa z 000yy
106    @ar
200 1  @a光波导理论基础教程@9guang bo dao li lun ji chu jiao cheng@f李淑凤,李成仁,宋昌烈编著
210    @a北京@c电子工业出版社@d2013.4@h2016.11
215    @a180页@c图@d26cm
300    @a光电信息科学与工程类专业规划教材
320    @a有书目(第175-180页)
330    @a本书以几何光学和波动光学理论为基础,系统阐述了介质光波导的分析方法和光传输特性、波导涉及阶跃式折射率分布和渐变式折射率分布的二维薄膜波导、三维条形波导及光纤,主要内容涵盖各种波导的解析与数值分析方法、模式分类与特征、模式场的分布与传输特性等。
606 0  @a光波导@x高等学校@j教材
690    @aTN252@v5
701  0 @a李淑凤@9li shu feng@4编著
701  0 @a李成仁@9li cheng ren@4编著
701  0 @a宋昌烈@9song chang lie@4编著
801  0 @aCN@b91MARC@c20171021
905    @b1033080-4@dTN252@f5@e127
    
    光波导理论基础教程/李淑凤,李成仁,宋昌烈编著.-北京:电子工业出版社,2013.4(2016.11)
    180页:图;26cm
    光电信息科学与工程类专业规划教材
    
    ISBN 978-7-121-19714-7:CNY39.90
    本书以几何光学和波动光学理论为基础,系统阐述了介质光波导的分析方法和光传输特性、波导涉及阶跃式折射率分布和渐变式折射率分布的二维薄膜波导、三维条形波导及光纤,主要内容涵盖各种波导的解析与数值分析方法、模式分类与特征、模式场的分布与传输特性等。
●
相关链接 在E读中查询图书 在五车中查询图书 在当当中查询图书 在豆瓣中查询图书


正题名:光波导理论基础教程     索取号:TN252/127         预约/预借

序号 登录号 条形码 馆藏地/架位号 状态 备注
1 1033080   210330809   第二样本阅览室/ [索取号:TN252/127] 在馆    
2 1033081   210330818   密集书库-物理学院/ [索取号:TN252/127] 在馆    
3 1033082   210330827   第三借阅区/ [索取号:TN252/127] 在馆    
4 1033083   210330836   第三借阅区/ [索取号:TN252/127] 在馆    
5 1033084   210330845   第三借阅区/ [索取号:TN252/127] 在馆    
唐山师范学院图书馆 欢迎您!
大连网信软件有限公司© 版权所有